Statistics for philippines their provinces and capital

Click here to take the quiz!

General Stats

  • This quiz has been taken 449 times
  • The average score is 9 of 15

Answer Stats

HintAnswer% Correct
cebucebu city
86%
ilocos survigan
76%
boholtagbilaran
73%
bulacanmalolos
71%
batangasbatangas city
67%
aklankalibo
66%
negros occidentalbacolod
62%
albaylegazpi
60%
benguetla trinidad
58%
masbatemasbate city
55%
capizroxas
55%
caviteimus
49%
bilirannaval
45%
zamboanga del nortedipolog
43%
basilanisabela
40%

Score Distribution

Percentile by Number Answered

Percent of People with Each Score

Your Score History

You have not taken this quiz